000 00445nam a2200133Ia 4500
008 220217s9999 xx 000 0 und d
245 0 _aSpecification for pneumatic tyres for automotive vehicles. Part IV. Tyres for scooters and scooter derivatives. (First Revision).
260 _c1991
500 _aStandard number: IS 10914 Part III
650 _aAutomotive vehicle tyre
650 _aPneumatic tyre
650 _aScooter tyre
942 _cST
999 _c73421
_d73421